Công nghệ ván khuôn và giàn giáo trong xây dựng

Gorde:
Xehetasun bibliografikoak
Egile nagusia: Bùi, Mạnh Hùng
Formatua: Liburua
Hizkuntza:Undetermined
Argitaratua: Hà Nội Xây dựng 2007
Gaiak:
Etiketak: Etiketa erantsi
Etiketarik gabe, Izan zaitez lehena erregistro honi etiketa jartzen!
Thư viện lưu trữ: Trung tâm Học liệu Trường Đại học Cần Thơ
LEADER 00602nam a2200193Ia 4500
001 CTU_131573
008 210402s9999 xx 000 0 und d
020 |c 55000 
082 |a 624.1834 
082 |b H513 
100 |a Bùi, Mạnh Hùng 
245 0 |a Công nghệ ván khuôn và giàn giáo trong xây dựng 
245 0 |c Bùi Mạnh Hùng 
260 |a Hà Nội 
260 |b Xây dựng 
260 |c 2007 
650 |a Civil engineering,Xây dựng dân dụng,Concrete construction 
904 |i Hiếu 
980 |a Trung tâm Học liệu Trường Đại học Cần Thơ